| 000 | 00410nam a2200145Ia 4500 | ||
|---|---|---|---|
| 003 | GCL | ||
| 008 | 140319s9999 xx 000 0 ara d | ||
| 040 |
_aGCL / _cGCL |
||
| 082 | 0 | 4 |
_aد _b050 |
| 100 | 1 | _aالسيد فرج | |
| 245 | 1 | 0 |
_aمحمد بن عبد الله صلى الله عليه و سلم (اقرا 521 ) / _cالسيد فرج |
| 700 | 1 | _aالكاتب | |
| 300 | _a159 ص | ||
| 490 |
_aاقرأ _v0 |
||
| 999 |
_c48549 _d48549 |
||